<?xml version="1.0" encoding="UTF-8"?>
<record
    xmlns:xsi="http://www.w3.org/2001/XMLSchema-instance"
    xsi:schemaLocation="http://www.loc.gov/MARC21/slim http://www.loc.gov/standards/marcxml/schema/MARC21slim.xsd"
    xmlns="http://www.loc.gov/MARC21/slim">

  <leader>01167nam0a2200325 i 4500</leader>
  <controlfield tag="001">RU\NLR\BIBL_A\010787313</controlfield>
  <controlfield tag="005">20260409071108.0</controlfield>
  <datafield tag="010" ind1=" " ind2=" ">
    <subfield code="a">9785902284734</subfield>
    <subfield code="9">32 000</subfield>
  </datafield>
  <datafield tag="021" ind1=" " ind2=" ">
    <subfield code="a">RU</subfield>
    <subfield code="b">2015-38604</subfield>
    <subfield code="9">2290</subfield>
  </datafield>
  <datafield tag="035" ind1=" " ind2=" ">
    <subfield code="a">(NILC)RuMoRGB-007938999</subfield>
  </datafield>
  <datafield tag="035" ind1=" " ind2=" ">
    <subfield code="a">(NLR Aleph) 010787313</subfield>
  </datafield>
  <datafield tag="090" ind1=" " ind2=" ">
    <subfield code="a">10098155</subfield>
    <subfield code="c">10098155</subfield>
  </datafield>
  <datafield tag="100" ind1=" " ind2=" ">
    <subfield code="a">20150623d2015    km y0rusy50      ca</subfield>
  </datafield>
  <datafield tag="101" ind1="1" ind2=" ">
    <subfield code="a">rus</subfield>
    <subfield code="c">eng</subfield>
  </datafield>
  <datafield tag="102" ind1=" " ind2=" ">
    <subfield code="a">RU</subfield>
  </datafield>
  <datafield tag="105" ind1=" " ind2=" ">
    <subfield code="a">y|||z|||000yy</subfield>
  </datafield>
  <datafield tag="200" ind1="1" ind2=" ">
    <subfield code="a">&#x411;&#x435;&#x441;&#x446;&#x435;&#x43D;&#x43D;&#x44B;&#x439; &#x434;&#x430;&#x440;</subfield>
    <subfield code="e">[&#x43F;&#x435;&#x440;&#x435;&#x432;&#x43E;&#x434; &#x441; &#x430;&#x43D;&#x433;&#x43B;&#x438;&#x439;&#x441;&#x43A;&#x43E;&#x433;&#x43E;]</subfield>
    <subfield code="f">&#x410;. &#x427;. &#x411;&#x445;&#x430;&#x43A;&#x442;&#x438;&#x432;&#x435;&#x434;&#x430;&#x43D;&#x442;&#x430; &#x421;&#x432;&#x430;&#x43C;&#x438; &#x41F;&#x440;&#x430;&#x431;&#x445;&#x443;&#x43F;&#x430;&#x434;&#x430;</subfield>
  </datafield>
  <datafield tag="210" ind1=" " ind2=" ">
    <subfield code="a">&#x41C;&#x43E;&#x441;&#x43A;&#x432;&#x430;</subfield>
    <subfield code="c">The Bhaktivedanta Book</subfield>
    <subfield code="d">2015</subfield>
  </datafield>
  <datafield tag="215" ind1=" " ind2=" ">
    <subfield code="a">110, [1] &#x441;.</subfield>
    <subfield code="d">21</subfield>
  </datafield>
  <datafield tag="320" ind1=" " ind2=" ">
    <subfield code="a">&#x421;&#x43F;&#x438;&#x441;&#x43E;&#x43A; &#x441;&#x43E;&#x447;. &#x430;&#x432;&#x442;. &#x432; &#x43D;&#x430;&#x447;. &#x43A;&#x43D;</subfield>
  </datafield>
  <datafield tag="606" ind1=" " ind2=" ">
    <subfield code="a">&#x41A;&#x440;&#x438;&#x448;&#x43D;&#x430;&#x438;&#x437;&#x43C;</subfield>
    <subfield code="3">RU\NLR\AUTH\66487468</subfield>
    <subfield code="9">1203333</subfield>
  </datafield>
  <datafield tag="686" ind1="2" ind2=" ">
    <subfield code="a">&#x42D;331.8</subfield>
  </datafield>
  <datafield tag="700" ind1=" " ind2="0">
    <subfield code="7">ca</subfield>
    <subfield code="8">rus</subfield>
    <subfield code="a">&#x410;. &#x427;. &#x411;&#x445;&#x430;&#x43A;&#x442;&#x438;&#x432;&#x435;&#x434;&#x430;&#x43D;&#x442;&#x430; &#x421;&#x432;&#x430;&#x43C;&#x438; &#x41F;&#x440;&#x430;&#x431;&#x445;&#x443;&#x43F;&#x430;&#x434;&#x430;</subfield>
    <subfield code="f">1896-1977</subfield>
    <subfield code="9">245957</subfield>
    <subfield code="3">RU\NLR\AUTH\770246013</subfield>
  </datafield>
  <datafield tag="801" ind1=" " ind2="0">
    <subfield code="a">RU</subfield>
    <subfield code="b">&#x420;&#x413;&#x411;</subfield>
    <subfield code="c">20150526</subfield>
    <subfield code="g">RCR</subfield>
  </datafield>
  <datafield tag="801" ind1=" " ind2="1">
    <subfield code="a">RU</subfield>
    <subfield code="b">&#x420;&#x413;&#x411;</subfield>
    <subfield code="c">20150526</subfield>
    <subfield code="2">rusmarc</subfield>
  </datafield>
  <datafield tag="942" ind1=" " ind2=" ">
    <subfield code="c">BOOK</subfield>
  </datafield>
  <datafield tag="980" ind1=" " ind2=" ">
    <subfield code="a">NBR</subfield>
  </datafield>
</record>
